01493nam a2200289 a 4500001001000000005001700010008004100027041000800068044000700076084002100083100004500104245012800149260002800277300002200305500028600327500007000613500014400683500004300827500001100870546002500881650005200906650005600958650003401014650004501048700006001093740005001153BRCA_302020190320204055.0200109s1741----fr-a---###---#000-0#fre-u afre afr a336b.D477c17411 aCervantes Saavedra, Miguel ded1547-161610aHistoire de L´Admirable Don Quichotte de la ManchecTraduit de L´Espagnol de M. de Cervantes par Filleau de Saint-Martin. aParísbDespillyc1741 a6 v.bil.c18 cm. aContenido : v 1. Primera parte. Advertencia del traductor. Texto. v 2. Texto. -- v 3. Segunda parte. Texto. -- v 4. Segunda parte. Texto. -- v 5. Primera parte de la continuación escrita por el traductor. Texto. -- v 6. Segunda parte de la continuación escrita por el traductor aEdición : Nouvelle Edition, Revueé, Corrigée et Augmentée aLa misma traducción de Filleau de Saint-Martin, publicada por otro editor, Despilly. Piel; lomeras decoradas con dorados Lúdovik Osterc aCon ex-libris de : Dubosc de Vitermont aQM263A aTexto en : francés14aNovela españolayÉpoca clásica, 1500-170014aLiteratura españolayÉpoca clásica, 1500-170014aNovela españolaySiglo XVII14aDon Quijote (Personaje ficticio)eNovela1 aSaint-Martin, Francois Filleau ded1632-1695eTraductor0 aEl Ingenioso Hidalgo Don Quijote de la Mancha